000 01299cam a2200349Ia 4500
001 75424701
003 OCoLC
005 20190115220014.0
008 061108s2006 sp a j 000 p spa d
020 _a8424113071 (hard)
020 _a9788424113070 (hard)
035 _a(OCoLC)75424701
_z(OCoLC)150363305
040 _aBNY
_cBNY
_dBTCTA
_dSO$
041 _aspa
082 0 4 _bCruz-Contar
092 _fJ-
_a861
_bCRUZ-CON
100 1 _aCruz-Contarini, Rafael.
245 1 0 _aDe la A a la Z con Mozart y la musica /
_cRafael Cruz-Contarini ; ilustrado por Rafael Salmeron.
260 _aLeon :
_bEverest,
_c[2006]
300 _a1 v. (unpaged) :
_bcol. ill. ;
_c22 cm.
490 1 _aMontana encantada.
500 _a"Primeros lectores"-- p. [4] of cover.
520 _aBrief verses for each letter of the alphabet introduce the life of Mozart and the world of music. The music CD includes a compilation of compositions from the late eighteenth century.
600 1 0 _aMozart, Wolfgang Amadeus,
_d1756-1791
_vJuvenile poetry.
650 0 _aEnglish language
_xAlphabet
_vJuvenile poetry.
650 0 _aMusic
_vJuvenile poetry.
650 0 _aMusic
_zEurope
_y18th century.
655 7 _aKits
_2local.
700 1 _aSalmeron, Rafael,
_d1972-
830 0 _aMontana encantada.
942 _cBK
_2ddc
999 _c21818
_d21818